000 00756nam a2200241 a 4500
001 60750
003 BD-RjUL
005 20211209080858.0
008 170102s1978 bg b 000 0 eng
020 _cTk15.00 ($3.00 U.S.)
035 _a(BD-RjUL)60874
040 _aDLC
_cDLC
_dBD-RjUL
_beng
041 _aeng
082 0 0 _a346.01345492
_223
_bSOL 1978
100 1 _aSobhan, Salma.
_9173491
245 1 0 _aLegal status of women in Bangladesh /
_cSalma Sobhan.
260 _aDacca :
_bBangladesh Institute of Law and International Affairs,
_c1978.
300 _aii, 52 p. ;
_c24 cm.
504 _aIncludes bibliographical references.
650 0 _aLegal status, laws, etc.
_zBangladesh.
_2Women
_9181000
942 _2ddc
_cBK
999 _c60750
_d60750